Claves filológicas para la comprensión de Ortega

Saved in:
Bibliografiske detaljer
Hovedforfatter: Araya, Guillermo (Author)
Format: Bog
Sprog:spansk
Udgivet: Madrid Gredos 1971
Serier:Biblioteca Rómanica Hispánica, 149
Fag:
Tags: Tilføj Tag
Ingen Tags, Vær først til at tagge denne postø!

MARC

LEADER 00000nam a2200000 a 4500
001 UCJ9188
003 CL-VaPUC
005 20221118181554.0
008 070309e19710000SP |||||||||||||||||spa|d
999 |c 324774  |d 324772 
040 |c Pontificia Universidad Católica de Valparaíso 
082 0 4 |a 196.1  |b ARA  |2 21 
100 0 |a Araya, Guillermo  |e author  |9 519102 
245 1 0 |a Claves filológicas para la comprensión de Ortega 
260 |a Madrid  |b Gredos  |c 1971 
300 |a 250 p 
490 0 |a Biblioteca Rómanica Hispánica, 149 
500 |a Donación del Dr. Luis Gómez Macker  
583 |a last modification  |c 20070309 00:00:00  |k Rodrigo Vera 
600 0 |a Ortega y Gasset, José,  |d 1883-1955  |x Crítica e interpretación   |9 878506 
650 0 |a Filosofía española   |9 254895 
942 |c BK  |2 ddc 
945 |d 20070309 00:00:00  |a jtorresc 
952 |0 0  |1 0  |4 0  |6 196_100000000000000_ARA_1971  |7 0  |8 A  |9 405134  |a FDOPOS  |b FDOPOS  |d 2019-11-22  |i 4268830  |o 196.1 ARA 1971  |p 4268830  |r 2025-01-22  |w 2019-11-22  |y BK  |k MLA